<?xml version="1.0" encoding="UTF-8"?>
<collection xmlns="http://www.loc.gov/MARC21/slim">
 <record>
  <leader>01542nam a2200445   4500</leader>
  <controlfield tag="001">DLU110120788</controlfield>
  <controlfield tag="005">##20110506</controlfield>
  <controlfield tag="008">##890216r19891951nyu           001 1 eng  </controlfield>
  <datafield tag="010" ind1="#" ind2="#">
   <subfield code="a">   89040100 </subfield>
  </datafield>
  <datafield tag="020" ind1="#" ind2="#">
   <subfield code="a">067972544X :</subfield>
   <subfield code="7">.95</subfield>
  </datafield>
  <datafield tag="035" ind1="#" ind2="#">
   <subfield code="9">(DLC)   89040100</subfield>
  </datafield>
  <datafield tag="040" ind1="#" ind2="#">
   <subfield code="a">DLC</subfield>
   <subfield code="c">DLC</subfield>
   <subfield code="d">DLC</subfield>
   <subfield code="d">OCoLC</subfield>
   <subfield code="d">DLC</subfield>
  </datafield>
  <datafield tag="041" ind1="#" ind2="#">
   <subfield code="a">engswe</subfield>
  </datafield>
  <datafield tag="082" ind1="#" ind2="#">
   <subfield code="a">839.73</subfield>
   <subfield code="b">LA-P</subfield>
  </datafield>
  <datafield tag="100" ind1="#" ind2="#">
   <subfield code="a">Lagerkvist, Pär,</subfield>
   <subfield code="d">1891-1974.</subfield>
  </datafield>
  <datafield tag="240" ind1="#" ind2="#">
   <subfield code="a">Barabbas.</subfield>
   <subfield code="l">English</subfield>
  </datafield>
  <datafield tag="245" ind1="#" ind2="#">
   <subfield code="a">Barabbas /</subfield>
   <subfield code="c">Pär Lagerkvist ; translated by Alan Blair ; with a preface by Lucien Maury and a letter by André Gide.</subfield>
  </datafield>
  <datafield tag="250" ind1="#" ind2="#">
   <subfield code="a">1st Vintage International ed.</subfield>
  </datafield>
  <datafield tag="260" ind1="#" ind2="#">
   <subfield code="a">New York :</subfield>
   <subfield code="b">Vintage Books,</subfield>
   <subfield code="c">1989, c1951.</subfield>
  </datafield>
  <datafield tag="300" ind1="#" ind2="#">
   <subfield code="a">xiii, 144 p. ;</subfield>
   <subfield code="c">21 cm.</subfield>
  </datafield>
  <datafield tag="500" ind1="#" ind2="#">
   <subfield code="a">&quot;Originally published in hardcover by Random House, Inc., in 1951&quot;--T.p. verso.</subfield>
  </datafield>
  <datafield tag="500" ind1="#" ind2="#">
   <subfield code="a">Translation of: Barabbas.</subfield>
  </datafield>
  <datafield tag="600" ind1="#" ind2="#">
   <subfield code="a">Barabbas</subfield>
   <subfield code="c">(Biblical figure)</subfield>
   <subfield code="x">Fiction.</subfield>
  </datafield>
  <datafield tag="630" ind1="#" ind2="#">
   <subfield code="a">Bible.</subfield>
   <subfield code="p">N.T.</subfield>
   <subfield code="x">History of Biblical events</subfield>
   <subfield code="x">Fiction.</subfield>
  </datafield>
  <datafield tag="655" ind1="#" ind2="#">
   <subfield code="a">Biographical fiction.</subfield>
   <subfield code="2">gsafd</subfield>
  </datafield>
  <datafield tag="655" ind1="#" ind2="#">
   <subfield code="a">Christian fiction.</subfield>
   <subfield code="2">lcsh</subfield>
  </datafield>
  <datafield tag="655" ind1="#" ind2="#">
   <subfield code="a">Parables.</subfield>
   <subfield code="2">gsafd</subfield>
  </datafield>
  <datafield tag="856" ind1="#" ind2="#">
   <subfield code="3">Contributor biographical information</subfield>
   <subfield code="u">http://www.loc.gov/catdir/bios/random051/89040100.html</subfield>
  </datafield>
  <datafield tag="856" ind1="#" ind2="#">
   <subfield code="3">Publisher description</subfield>
   <subfield code="u">http://www.loc.gov/catdir/description/random042/89040100.html</subfield>
  </datafield>
  <datafield tag="923" ind1="#" ind2="#">
   <subfield code="a">01/2011NN</subfield>
  </datafield>
  <datafield tag="991" ind1="#" ind2="#">
   <subfield code="a">GT</subfield>
  </datafield>
  <datafield tag="992" ind1="#" ind2="#">
   <subfield code="a">0</subfield>
  </datafield>
  <datafield tag="994" ind1="#" ind2="#">
   <subfield code="a">KNN</subfield>
  </datafield>
  <datafield tag="900" ind1="#" ind2="#">
   <subfield code="a">True</subfield>
  </datafield>
  <datafield tag="911" ind1="#" ind2="#">
   <subfield code="a">Đào Thị Thu Huyền</subfield>
  </datafield>
  <datafield tag="925" ind1="#" ind2="#">
   <subfield code="a">G</subfield>
  </datafield>
  <datafield tag="926" ind1="#" ind2="#">
   <subfield code="a">A</subfield>
  </datafield>
  <datafield tag="927" ind1="#" ind2="#">
   <subfield code="a">SH</subfield>
  </datafield>
  <datafield tag="980" ind1="#" ind2="#">
   <subfield code="a">Thư viện Trường Đại học Đà Lạt</subfield>
  </datafield>
 </record>
</collection>
